000 00761cam a2200241 4500
001 J232
008 090401t1990 xxu||||| |||| 00| 0 eng d
035 _a(Sirsi) u73941
041 _aeng
050 _a692.9
090 _aJCT1990/7A
110 _aJoint Contracts Tribunal
_93664
245 _aNominated sub-contract NSC/4a (1980 edition incorporating Amendments 1 (1983); 2 (1984); 3 (1986); 4 (1987); 5 (1988); 6 (1988); 7 (1988) and 8 (1989).)
260 _aLondon
_bRIBA Publications Ltd.
_c1990
300 _a54p. ; 30cm.
350 _a0
650 _aJCT STANDARD FORMS OF NOMINATED SUB-CONTRACT 1980
650 _aNSC4A
650 _aSUBCONTRACTS
690 _aBUILT ENVIRONMENT-BUILDING CONTRACT FORMS
942 _n0
948 _c04/03/1997
999 _c95743
_d95743